L'amore che non osa dire il suo nome : psicologia dell'omosessualità maschile e femminile /
Gardado en:
| Autor Principal: | |
|---|---|
| Formato: | Libro |
| Idioma: | Lingua italiana |
| Publicado: |
Roma :
Magi,
2011
|
| Series: | Lecturae
|
| Subjects: | |
| Tags: |
Sen Etiquetas, Sexa o primeiro en etiquetar este rexistro!
|
MARC
| LEADER | 00000nam a2200000 i 4500 | ||
|---|---|---|---|
| 001 | IT\ICCU\TO0\1818975 | ||
| 003 | ItRI | ||
| 005 | 20260223144231.0 | ||
| 008 | 110711s2011 it |||||| ||||| |||||c | ||
| 015 | |2 IT |a 2011-3171 | ||
| 020 | |a 9788874870585 | ||
| 040 | |b ita |c C | ||
| 041 | 7 | |a ita |2 ISO-639-2 | |
| 100 | 1 | |a Nucci, Flaminia |0 IT\ICCU\TO0V\650997 |4 aut | |
| 245 | 1 | 2 | |a L'amore che non osa dire il suo nome : |b psicologia dell'omosessualità maschile e femminile / |c Flaminia Nucci. |
| 260 | |a Roma : |b Magi, |c 2011 | ||
| 300 | |a 137 p. ; |c 21 cm | ||
| 650 | 7 | |a OMOSESSUALI |x Psicologia | |
| 830 | 0 | |a Lecturae |0 IT\ICCU\LO1\0616131 | |
| 942 | |2 ddc |c BK | ||
| 952 | |0 0 |1 0 |2 ddc |4 0 |6 114_155_330000000000000_NUC_AMO |7 1 |9 917 |a MO |b MO |d 2024-03-07 |l 0 |o [114] 155.33 NUC AMO |p 9092 |r 2024-03-07 12:21:34 |w 2024-03-07 |y BK | ||
| 952 | |0 0 |1 0 |4 0 |6 DOC_150_000000000000000_NUC |7 0 |9 20936 |a BO |b BO |d 2026-01-15 |i 15638 |l 0 |o DOC 150 NUC |p BO15638 |r 2026-01-15 23:21:42 |w 2026-01-15 |x [Sebina 5] [1 v.] |y BK |z 1 v. | ||
| 999 | |c 866 |d 866 | ||